000 00703nam a2200193 a 4500
008 120125s2006 ||||||||||||||||| || u
020 _a9788175543058
050 _aHG 4026 Cin
100 _aCinnamon, Robert
245 1 0 _aHow to understand business finance
260 _aNew Delhi:
_bKogan Page
_c2006
300 _ax, 142p.: ill.
350 _a0.00
490 _aThe Sunady Times: creating success
650 0 _aFINANCE--DEVELOPING COUNTRIES
650 _aBUSINESS ENTERPRISES--FINANCE
700 _aHelweg-Larsen, Brian
995 _D0.00
_FCBU-MAIN LIBRARY (Kitwe)
_H1
_I0.00
_M1
_UAVAILABLE
_WFeb 27, 2012
_ZMain Library Open Access Collection
999 _c45853
_d45853